000 00365nam a22001577a 4500
999 _c144750
_d144750
020 _a8124002223
082 _aM301
_bDEV/O
100 _aDevi
245 _aOru Madhyahnathile Vismayam/
_cby Devi
260 _aKottayam:
_bDevi,
_c1995.
300 _a98p.
650 _aStories Malayalam
650 _aLiterature Malayalam
650 _aLiterature
942 _cBK